Normal view MARC view

Entry Topical Term

Number of records used in: 1

001 - CONTROL NUMBER

  • control field: 7157

003 - CONTROL NUMBER IDENTIFIER

  • control field: OSt

005 - DATE AND TIME OF LATEST TRANSACTION

  • control field: 20160307173651.0

008 - FIXED-LENGTH DATA ELEMENTS

  • fixed length control field: 160307|| aca||aabn | a|a d

040 ## - CATALOGING SOURCE

  • Original cataloging agency: OSt
  • Transcribing agency: OSt

150 ## - HEADING--TOPICAL TERM

  • Topical term or geographic name entry element: Intellectual life.

670 ## - SOURCE DATA FOUND

  • Source citation: Work cat.: (OSt)3195: Storey, John, 1950- 7155, Cultural consumption and everyday life /, 1999.